000 01304na a2200277 4500
001 24520
003 MIRAKIL
005 20181226104234.0
008 181127b tu 000 0
041 _atur
082 _a352
_bC3699t 2013
090 _a352 C3699t 2013
110 _aCumhuriyet Halk Partisi (CHP)
_bYerel Yönetim Birimi
245 _aTürkiye'de muhtarlık sistemi
_bmuhtarlar ve katılımcı demokrasi
_cCHP Genel Merkezi Yerel Yönetimler Birimi
246 _aMuhtarlar ve katılımcı demokrasi
260 _aAnkara
_bCHP Yerel Yönetim Birimi
_cŞubat 2013
300 _a14 s
_brnk. res.
_c22 sm.
440 _aCHP Yerel Yönetimler yayınları
_pRaporlar
505 _aMuhtar kimdir? - Mahalle nedir? - Mahalle yönetiminin tarihçesi ve gelenekselden moderne mahalle yönetimi - Mahalle yönetiminin hukuki durumu - Mahalle yönetiminin organları - Muhtarların görevleri - Muhtarların özlük haklar -- Mahalle yönetiminin temel sorunları - CHP'nin muhtarlık sitemine bakışı
610 _aCumhuriyet Halk Partisi (CHP)
_xMuhtarlar ve muhtarlıklar
650 _aYerel yönetim
_xMahalle yönetimi
_zTürkiye
650 _aYerel yönetimler
_xMuhtarlar ve muhtarlıklar
_zTürkiye
830 _aCHP raporları
942 _2ddc
_cBKS
040 _aMilas
_btur
_cTR-AnCHP
999 _c11782
_d11782